| 000 | 00459nam a22001817a 4500 | ||
|---|---|---|---|
| 003 | LK-CoMWRAF | ||
| 005 | 20231020230704.0 | ||
| 008 | 231020b |||||||| |||| 00| 0 eng d | ||
| 040 |
_aLK-CoMWRAF _dLK-CoMWRAF _eLK-CoMWRAF |
||
| 041 | _aeng | ||
| 082 |
_a823 _bKHA |
||
| 100 | _aKhayyam, Omar | ||
| 245 | _aRubaiyat of Omar Khayyam and Salaman and Absal of Jami | ||
| 260 | _c1979 | ||
| 300 | _a176 p. :16 cm. | ||
| 650 | _aEnglish Fiction | ||
| 942 | _cBK | ||
| 999 |
_c3964 _d3964 |
||